Statistics for Every Premier League Goalscorer for West Ham United

Click here to take the quiz!

General Stats

  • This quiz has been taken 215 times
    (83 since last reset)
  • The average score is 71 of 169

Answer Stats

Player% Correct
Declan Rice
91%
Jarrod Bowen
86%
Mark Bowen
86%
Carlton Cole
83%
Joe Cole
83%
Michail Antonio
83%
Tomáš Souček
82%
Mark Noble
80%
Kurt Zouma
76%
Ricardo Vaz Tê
76%
Anton Ferdinand
74%
Frank Lampard
74%
Les Ferdinand
74%
Rio Ferdinand
74%
Demba Ba
73%
Paolo Di Canio
71%
Saïd Benrahma
71%
Aaron Cresswell
70%
Angelo Ogbonna
70%
Lucas Paquetá
70%
Pablo Fornals
70%
Carlos Tévez
68%
Felipe Anderson
68%
Ben Johnson
67%
Dimitri Payet
67%
Manuel Lanzini
65%
Kevin Nolan
64%
James Ward-Prowse
62%
Andy Carroll
61%
Javier Hernández
61%
Jesse Lingard
59%
Gianluca Scamacca
58%
James Collins
58%
Michael Carrick
58%
Sébastien Haller
58%
Trevor Sinclair
58%
Scott Parker
56%
Craig Dawson
55%
Dean Ashton
55%
Ian Wright
55%
Julian Dicks
55%
Nayef Aguerd
55%
Cheikhou Kouyaté
53%
John Hartson
53%
Diafra Sakho
52%
Jermain Defoe
52%
Winston Reid
52%
Bobby Zamora
50%
Clive Allen
50%
Emerson Palmieri
50%
Enner Valencia
50%
Martin Allen
50%
Teddy Sheringham
50%
Danny Ings
48%
Frédéric Kanouté
48%
Matthew Upson
48%
Stewart Downing
48%
Marko Arnautović
47%
Tony Cottee
47%
Ian Pearce
45%
Paul Kitson
45%
Stuart Pearce
45%
Alvin Martin
44%
Ian Bishop
44%
Marlon Harewood
44%
Pedro Obiang
44%
Robbie Keane
44%
Steve Jones
44%
André Ayew
42%
Fabián Balbuena
42%
Jack Collison
42%
Mohamed Diamé
42%
Ravel Morrison
42%
Andriy Yarmolenko
41%
Arthur Masuaku
41%
Issa Diop
41%
John Moncur
41%
Matthew Etherington
41%
Paulo Wanchope
41%
Steve Lomas
41%
Yossi Benayoun
41%
Lee Bowyer
39%
Matt Taylor
39%
Neil Ruddock
39%
Nigel Reo-Coker
39%
Slaven Bilić
39%
Trevor Morley
39%
Craig Bellamy
38%
Eyal Berkovic
38%
Freddie Sears
38%
Iain Dowie
38%
James Tomkins
38%
Michael Hughes
38%
Alessandro Diamanti
36%
Don Hutchison
36%
Fredrik Ljungberg
36%
Guillermo Franco
36%
Joey O'Brien
36%
Matt Jarvis
36%
Matty Holmes
36%
Tim Breacker
36%
Davor Šuker
35%
Hayden Mullins
35%
Lucas Pérez
35%
Marc-Vivien Foé
35%
Ryan Fredericks
35%
Lucas Neill
33%
Marc Keller
33%
Samassi Abou
33%
Danny Williamson
32%
Marc Rieper
32%
Victor Obinna
32%
Julien Faubert
30%
Mauro Zárate
30%
Modibo Maïga
30%
Nigel Winterburn
30%
Nolberto Solano
30%
Robert Snodgrass
30%
Gary O'Neil
29%
Guy Demel
29%
Paul Konchesky
29%
Robbie Slater
29%
Carl Jenkinson
27%
Hugo Porfírio
27%
Luis Boa Morte
27%
Dale Gordon
26%
David Burrows
26%
David Unsworth
26%
Jeroen Boere
26%
Jonathan Calleri
26%
Mike Marsh
26%
Peter Butler
26%
Igor Štimac
24%
Manuel Da Costa
24%
Nikica Jelavić
24%
Nikola Vlašić
24%
Sébastien Schemmel
24%
Stan Lazaridis
24%
Ilan
23%
Jonathan Spector
23%
Matthew Rush
23%
Zavon Hines
23%
George McCartney
21%
Sofiane Féghouli
21%
Svetoslav Todorov
21%
Victor Moses
21%
Carl Fletcher
20%
David Di Michele
20%
Édouard Cissé
20%
Junior Stanislas
20%
Valon Behrami
20%
Calum Davenport
18%
Diego Tristán
18%
Frédéric Piquionne
18%
Luis Jiménez
18%
Morgan Amalfitano
18%
Thomas Hitzlsperger
18%
João Mário
15%
Javier Margas
14%
Keith Rowland
14%
Kepa Blanco
12%
Radoslav Kováč
12%
Florin Răducioiu
11%
Shaun Newton
9%
Dani Carvalho
8%
Lee Champan
3%
Emmanuel Omoyinmi
2%

Score Distribution

Percentile by Number Answered

Percent of People with Each Score

Your Score History

You have not taken this quiz since the last reset